[Event "Guillermo Garcia Memorial op"]
[Site "Santa Clara"]
[Date "2022.05.04"]
[Round "5"]
[White "Rodriguez, Octavio"]
[Black "Mosquera Cayon, Danet"]
[Result "1/2-1/2"]
[WhiteElo "1922"]
[BlackElo "1891"]
[PlyCount "134"]
[EventDate "2022.04.30"]
[EventType "swiss"]
[EventRounds "9"]
[EventCountry "CUB"]
[SourceTitle "CBM 208 Extra"]
[Source "ChessBase"]
[SourceDate "2022.07.31"]
[SourceVersion "1"]
[SourceVersionDate "2022.07.31"]
[SourceQuality "1"]

1. Nf3 c5 2. d3 Nc6 3. e4 d6 4. Nbd2 g6 5. g3 Bg7 6. Bg2 e6 7. 0-0 Nge7 8. a4 a6 9. c3 Rb8 10. Nc4 b5 11. axb5 axb5 12. Ne3 0-0 13. h4 b4 14. d4 Qb6 15. Nc4 Qc7 16. Bf4 e5 17. dxe5 dxe5 18. Be3 Rd8 19. Qc1 Be6 20. Ncd2 bxc3 21. bxc3 Rb5 22. Ng5 Bg4 23. Re1 h6 24. Ngf3 Rdb8 25. Nc4 Kh7 26. Nfd2 Be6 27. Bf1 Na5 28. Nxa5 Rxa5 29. Qc2 Nc8 30. Reb1 Rxa1 31. Rxa1 Nd6 32. Ra6 Bc8 33. Ra1 Bb7 34. Ra7 Qb6 35. Qa4 f5 36. h5 Nxe4 37. hxg6+ Qxg6 38. Bg2 Nxc3 39. Qd7 Ne2+ 40. Kf1 Bxg2+ 41. Kxe2 Bc6 42. Qc7 Bb5+ 43. Kd1 Re8 44. Bxc5 Qg5 45. Bd6 Rd8 46. f4 Qg4+ 47. Kc2 Rd7 48. Qc5 Rxa7 49. Qxa7 exf4 50. Bxf4 Qe2 51. Qf7 Bd3+ 52. Kb3 Qd1+ 53. Kb4 Qa1 54. Nc4 Qc3+ 55. Kc5 Qd4+ 56. Kb4 Qxc4+ 57. Qxc4 Bxc4 58. Kxc4 Bf6 59. Kd3 Bg5 60. Be5 Kg6 61. Ke2 Bf6 62. Bf4 h5 63. Kf3 Kf7 64. Be3 Ke6 65. Bh6 Ke5 66. Bf4+ Kd4 67. Be3+ Kd5 1/2-1/2

[Event "Adelquis Remon Memorial-G"]
[Site "Holguin"]
[Date "2017.11.07"]
[Round "10.3"]
[White "Mosquera Cayon, Danet"]
[Black "Vazquez Matos, Miguel"]
[Result "1/2-1/2"]
[WhiteElo "1943"]
[BlackElo "1929"]
[PlyCount "26"]
[EventDate "2017.11.02"]
[EventType "tourn"]
[EventRounds "10"]
[EventCountry "CUB"]
[SourceTitle "EXT 2023"]
[Source "ChessBase"]
[SourceDate "2022.10.05"]
[SourceVersion "1"]
[SourceVersionDate "2022.10.05"]
[SourceQuality "1"]

1. e4 c5 2. Nf3 e6 3. d4 cxd4 4. Nxd4 Nf6 5. Nc3 a6 6. Be3 Qc7 7. Qd2 Nc6 8. Nf3 d6 9. Be2 Be7 10. 0-0 0-0 11. a3 Bd7 12. Rad1 h6 13. Rfe1 Rfd8 1/2-1/2

[Event "Adelquis Remon Memorial-G"]
[Site "Holguin"]
[Date "2017.11.03"]
[Round "3.2"]
[White "Martinez Mulet, Dario Leonel"]
[Black "Mosquera Cayon, Danet"]
[Result "1-0"]
[WhiteElo "1877"]
[BlackElo "1943"]
[PlyCount "57"]
[EventDate "2017.11.02"]
[EventType "tourn"]
[EventRounds "10"]
[EventCountry "CUB"]
[SourceTitle "EXT 2023"]
[Source "ChessBase"]
[SourceDate "2022.10.05"]
[SourceVersion "1"]
[SourceVersionDate "2022.10.05"]
[SourceQuality "1"]

1. d4 Nf6 2. Nf3 e6 3. c4 Bb4+ 4. Nbd2 b6 5. e3 Bb7 6. Bd3 0-0 7. 0-0 d5 8. cxd5 exd5 9. a3 Bd6 10. b4 Nbd7 11. Bb2 Qe7 12. b5 Ne4 13. a4 f5 14. Qb3 Kh8 15. Ba3 g5 16. Rfc1 g4 17. Bxe4 fxe4 18. Ne5 Nxe5 19. dxe5 Bxa3 20. Qxa3 Qf7 21. Rf1 c5 22. bxc6 Ba6 23. Nb3 Bxf1 24. Rxf1 Rae8 25. Qd6 Qe6 26. Rd1 Qf5 27. Rd2 Rxe5 28. c7 Qe6 29. Qxf8+ 1-0

[Event "Moncada Cup"]
[Site "Santiago de Cuba"]
[Date "2017.03.29"]
[Round "10.1"]
[White "Mosquera Cayon, Danet"]
[Black "Lopez Montero, Manuel Alejandro"]
[Result "1/2-1/2"]
[WhiteElo "2035"]
[BlackElo "2032"]
[PlyCount "24"]
[EventDate "2017.03.21"]
[EventType "swiss"]
[EventRounds "10"]
[EventCountry "CUB"]
[SourceTitle "EXT 2023"]
[Source "ChessBase"]
[SourceDate "2022.10.05"]
[SourceVersion "1"]
[SourceVersionDate "2022.10.05"]
[SourceQuality "1"]

1. e4 e5 2. Nf3 Nc6 3. Bc4 Nf6 4. d3 h6 5. c3 d6 6. h3 g6 7. Be3 Bg7 8. Qd2 a6 9. Bb3 d5 10. Bc2 dxe4 11. dxe4 Be6 12. Qxd8+ Rxd8 1/2-1/2

[Event "Moncada Cup"]
[Site "Santiago de Cuba"]
[Date "2017.03.28"]
[Round "9.1"]
[White "Ruiz Bisbe, Yamir"]
[Black "Mosquera Cayon, Danet"]
[Result "1/2-1/2"]
[WhiteElo "2000"]
[BlackElo "2035"]
[PlyCount "20"]
[EventDate "2017.03.21"]
[EventType "swiss"]
[EventRounds "10"]
[EventCountry "CUB"]
[SourceTitle "EXT 2023"]
[Source "ChessBase"]
[SourceDate "2022.10.05"]
[SourceVersion "1"]
[SourceVersionDate "2022.10.05"]
[SourceQuality "1"]

1. e4 d5 2. exd5 Qxd5 3. Nc3 Qd8 4. d4 Nf6 5. Nf3 Bf5 6. Be2 e6 7. 0-0 Be7 8. Be3 0-0 9. h3 c6 10. Re1 Qc7 1/2-1/2

[Event "Moncada Cup"]
[Site "Santiago de Cuba"]
[Date "2017.03.23"]
[Round "4.1"]
[White "Mosquera Cayon, Danet"]
[Black "Ruiz Bisbe, Yamir"]
[Result "0-1"]
[WhiteElo "2035"]
[BlackElo "2000"]
[PlyCount "62"]
[EventDate "2017.03.21"]
[EventType "swiss"]
[EventRounds "10"]
[EventCountry "CUB"]
[SourceTitle "EXT 2023"]
[Source "ChessBase"]
[SourceDate "2022.10.05"]
[SourceVersion "1"]
[SourceVersionDate "2022.10.05"]
[SourceQuality "1"]

1. e4 e5 2. Nf3 Nc6 3. Bc4 Bc5 4. c3 Nf6 5. d3 0-0 6. Nbd2 d5 7. Bb5 dxe4 8. dxe4 Bg4 9. Bxc6 bxc6 10. Qc2 Qe7 11. 0-0 a5 12. h3 Bh5 13. Re1 a4 14. Nh2 Rfd8 15. Ndf1 Bg6 16. Ng3 Qd7 17. Nf3 Qd3 18. Qxd3 Rxd3 19. a3 Re8 20. Kf1 h6 21. Rb1 Bb6 22. Nh4 Rxg3 23. fxg3 Bxe4 24. Rxe4 Nxe4 25. Nf5 Re6 26. Ke2 h5 27. Kd3 Nd6 28. Ne3 f5 29. c4 Rg6 30. Nf1 Ne4 31. b4 axb3 0-1

[Event "Bayamo Cespedes Memorial op"]
[Site "Bayamo"]
[Date "2017.03.06"]
[Round "7.5"]
[White "Mosquera Cayon, Danet"]
[Black "Cabrera Ladron de Guevara, Mayra"]
[Result "1/2-1/2"]
[WhiteElo "2035"]
[BlackElo "2078"]
[PlyCount "41"]
[EventDate "2017.03.01"]
[EventType "swiss"]
[EventRounds "9"]
[EventCountry "CUB"]
[SourceTitle "EXT 2023"]
[Source "ChessBase"]
[SourceDate "2022.10.05"]
[SourceVersion "1"]
[SourceVersionDate "2022.10.05"]
[SourceQuality "1"]

1. e4 c6 2. d4 Na6 3. h3 g6 4. c3 Nc7 5. Bd3 d5 6. e5 h5 7. Bf4 Ne6 8. Ne2 Nh6 9. 0-0 Nxf4 10. Nxf4 Bf5 11. Bxf5 Nxf5 12. Nd2 Bh6 13. Ne2 Qd7 14. Ng3 0-0 15. Nf3 Bf4 16. Nxf5 Qxf5 17. Nh4 Qg5 18. Nf3 Qf5 19. Nh4 Qg5 20. Nf3 Qf5 21. Nh4 1/2-1/2

[Event "Bayamo Cespedes Memorial op"]
[Site "Bayamo"]
[Date "2017.03.02"]
[Round "2.15"]
[White "Ulloa Rey, Luis Ernesto"]
[Black "Mosquera Cayon, Danet"]
[Result "0-1"]
[WhiteElo "1977"]
[BlackElo "2035"]
[PlyCount "42"]
[EventDate "2017.03.01"]
[EventType "swiss"]
[EventRounds "9"]
[EventCountry "CUB"]
[SourceTitle "EXT 2023"]
[Source "ChessBase"]
[SourceDate "2022.10.05"]
[SourceVersion "1"]
[SourceVersionDate "2022.10.05"]
[SourceQuality "1"]

1. d4 c5 2. e3 Nf6 3. Bd3 e6 4. Nf3 d5 5. b3 Nbd7 6. Bb2 Qc7 7. Ne5 Bd6 8. f4 Rb8 9. 0-0 b5 10. Nd2 c4 11. bxc4 bxc4 12. Nexc4 dxc4 13. Nxc4 Ba6 14. Nxd6+ Qxd6 15. Bc3 Nd5 16. Bd2 Bxd3 17. cxd3 Qa6 18. Qe2 Rb2 19. e4 Nb4 20. Rf3 Qb6 21. Qe3 Nc2 0-1

[Event "Bayamo Cespedes Memorial op"]
[Site "Bayamo"]
[Date "2017.03.01"]
[Round "1.20"]
[White "Mosquera Cayon, Danet"]
[Black "Lopez Reyes, Claudia"]
[Result "1/2-1/2"]
[WhiteElo "2035"]
[BlackElo "1600"]
[PlyCount "73"]
[EventDate "2017.03.01"]
[EventType "swiss"]
[EventRounds "9"]
[EventCountry "CUB"]
[SourceTitle "EXT 2023"]
[Source "ChessBase"]
[SourceDate "2022.10.05"]
[SourceVersion "1"]
[SourceVersionDate "2022.10.05"]
[SourceQuality "1"]

1. e4 c5 2. Nf3 d6 3. d4 cxd4 4. Nxd4 Nf6 5. Nc3 a6 6. h3 e5 7. Nde2 Be6 8. g4 Be7 9. Bg2 0-0 10. Be3 b5 11. g5 Ne8 12. Qd2 Nd7 13. Nd5 Bxd5 14. exd5 Nb6 15. b3 Nd7 16. h4 a5 17. Qd3 Nc7 18. Be4 g6 19. h5 Bxg5 20. hxg6 hxg6 21. Bxg6 Bxe3 22. Qxe3 fxg6 23. Qh6 Kf7 24. Qh7+ Ke8 25. Qxg6+ Rf7 26. Qxd6 Rc8 27. Rh8+ Nf8 28. Qxe5+ Qe7 29. Qh2 Nxd5 30. Rd1 Qb4+ 31. c3 Nxc3 32. Qe5+ Qe7 33. Rxf8+ Rxf8 34. Qh5+ Rf7 35. Qh8+ Qf8 36. Qe5+ Re7 37. Qh5+ 1/2-1/2

[Event "Chessung (Women)"]
[Site "Guantanamo"]
[Date "2017.02.23"]
[Round "10.2"]
[White "Mosquera Cayon, Danet"]
[Black "Echavarria Gonzalez, Mariana L"]
[Result "1-0"]
[WhiteElo "2035"]
[BlackElo "1593"]
[PlyCount "49"]
[EventDate "2017.02.16"]
[EventType "tourn"]
[EventRounds "10"]
[EventCountry "CUB"]
[SourceTitle "EXT 2023"]
[Source "ChessBase"]
[SourceDate "2022.10.05"]
[SourceVersion "1"]
[SourceVersionDate "2022.10.05"]
[SourceQuality "1"]

1. e4 c5 2. Nf3 Nc6 3. Bb5 e6 4. Bxc6 bxc6 5. e5 d6 6. exd6 Bxd6 7. Nc3 Nf6 8. Qe2 Rb8 9. d3 h6 10. 0-0 0-0 11. Ne5 Qc7 12. f4 Nd5 13. Nd1 Ne7 14. Nc4 Ba6 15. Nxd6 Qxd6 16. Kh1 Nf5 17. b3 Nd4 18. Qf2 f5 19. Be3 Rfe8 20. Nb2 Qd5 21. c3 Nxb3 22. axb3 Qxb3 23. Rxa6 Qxb2 24. Qxb2 Rxb2 25. Bxc5 1-0

[Event "Granma Oriental zt (Women)"]
[Site "Granma"]
[Date "2016.11.25"]
[Round "8.5"]
[White "Rodriguez Alfonso, Lianet"]
[Black "Mosquera Cayon, Danet"]
[Result "0-1"]
[WhiteElo "1827"]
[BlackElo "2047"]
[PlyCount "42"]
[EventDate "2016.11.21"]
[EventType "tourn"]
[EventRounds "11"]
[EventCountry "CUB"]
[SourceTitle "EXT 2023"]
[Source "ChessBase"]
[SourceDate "2022.10.05"]
[SourceVersion "1"]
[SourceVersionDate "2022.10.05"]
[SourceQuality "1"]

1. e4 d5 2. exd5 Qxd5 3. d4 Nc6 4. Nf3 Bg4 5. Be2 Nf6 6. Nc3 Qa5 7. 0-0 0-0-0 8. Be3 e6 9. a3 Be7 10. h3 Bxf3 11. Bxf3 Nxd4 12. Bxd4 e5 13. b4 Qa6 14. Qe1 Rxd4 15. Qxe5 Qd6 16. Qe3 a6 17. Ne2 Rd2 18. Qa7 c6 19. c4 Bd8 20. b5 Bc7 21. b6 Qh2# 0-1

[Event "CUB-ch U18 Girls"]
[Site "San Nicolas de Bari"]
[Date "2012.04.15"]
[Round "2"]
[White "Alegria Cruz, Deborah"]
[Black "Mosquera Cayon, Danet"]
[Result "0-1"]
[WhiteElo "1910"]
[BlackElo "2001"]
[PlyCount "84"]
[EventDate "2012.04.15"]
[EventType "swiss"]
[EventRounds "9"]
[EventCountry "CUB"]
[SourceTitle "CBM 148 Extra"]
[Source "ChessBase"]
[SourceDate "2012.06.22"]
[SourceVersion "1"]
[SourceVersionDate "2012.06.22"]
[SourceQuality "1"]

1. c4 Nf6 2. g3 e6 3. Bg2 c5 4. Nc3 d6 5. e3 a6 6. Nge2 Be7 7. b3 Nc6 8. Bb2 Qc7 9. d4 Rb8 10. d5 exd5 11. Nxd5 Nxd5 12. Bxd5 0-0 13. 0-0 b5 14. Nf4 Bb7 15. Qg4 Ne5 16. Bxe5 dxe5 17. Bxb7 Qxb7 18. Nd5 f5 19. Qe2 e4 20. Rfd1 Bf6 21. Nxf6+ Rxf6 22. Rd5 Qb6 23. Rad1 g6 24. Qc2 Rc8 25. Rd7 Qc6 26. Qc3 Qe6 27. Rd8+ Rxd8 28. Rxd8+ Kg7 29. cxb5 Qe7 30. Qd2 Kh6 31. bxa6 Rxa6 32. Rd5 Qa7 33. a4 Qb6 34. Qc3 Qb7 35. Rxc5 Qd7 36. Qd4 Rd6 37. Qc3 Rd3 38. Qc2 f4 39. Rc7 Rd1+ 40. Qxd1 Qxd1+ 41. Kg2 fxe3 42. fxe3 Qxb3 0-1

[Event "CUB-ch U18 Girls"]
[Site "San Nicolas de Bari"]
[Date "2012.04.15"]
[Round "1"]
[White "Mosquera Cayon, Danet"]
[Black "Ramirez Rivera, Isabela"]
[Result "1/2-1/2"]
[WhiteElo "2001"]
[BlackElo "1877"]
[PlyCount "156"]
[EventDate "2012.04.15"]
[EventType "swiss"]
[EventRounds "9"]
[EventCountry "CUB"]
[SourceTitle "CBM 148 Extra"]
[Source "ChessBase"]
[SourceDate "2012.06.22"]
[SourceVersion "1"]
[SourceVersionDate "2012.06.22"]
[SourceQuality "1"]

1. e4 c6 2. d4 d5 3. Nc3 dxe4 4. Nxe4 Bf5 5. Ng3 Bg6 6. Bc4 e6 7. N1e2 Nf6 8. 0-0 Bd6 9. f4 Nbd7 10. f5 Bxf5 11. Nxf5 exf5 12. Rxf5 Nb6 13. Bd3 Qc7 14. Qe1 0-0-0 15. Bf4 Bxf4 16. Rxf4 Nbd5 17. Rf3 Rhe8 18. Qf2 Kb8 19. h3 Nb4 20. Bf5 g6 21. Bd3 Nxd3 22. cxd3 Nd5 23. Nc3 f5 24. g4 Qg7 25. Kh1 Rf8 26. Rf1 Ne7 27. Qg3+ Ka8 28. Qe5 Qf7 29. gxf5 Nxf5 30. d5 cxd5 31. Nb5 Rd7 32. Nd4 Re8 33. Qh2 a6 34. Nxf5 gxf5 35. Rxf5 Qg6 36. Rf8 Rxf8 37. Rxf8+ Ka7 38. Qf2+ d4 39. Qc2 Qc6+ 40. Qxc6 bxc6 41. Rf4 Kb6 42. Kg2 Kb5 43. Kf3 a5 44. h4 Kb4 45. Kg4 c5 46. Rf8 Kb5 47. Rb8+ Kc6 48. Kg5 Rc7 49. b3 Rd7 50. Kh6 Rf7 51. Rg8 Rf3 52. Kxh7 Rxd3 53. h5 Rh3 54. h6 d3 55. Rd8 Kc7 56. Rd5 Kc6 57. Rd8 Kc7 58. Rg8 d2 59. Rg1 Rd3 60. Rd1 Rd7+ 61. Kg8 Rd8+ 62. Kf7 Rd7+ 63. Kf6 Rd6+ 64. Ke5 Rxh6 65. Rxd2 Rh5+ 66. Ke6 Kc6 67. Rc2 Rd5 68. Rh2 Rd6+ 69. Ke5 Rd5+ 70. Ke4 Rd4+ 71. Ke3 Kb5 72. Rc2 Kb4 73. Rc1 a4 74. bxa4 Kxa4 75. Rxc5 Rb4 76. Rc8 Ka3 77. Ra8+ Ra4 78. Rxa4+ Kxa4 1/2-1/2